000 00638nam a2200241Ia 4500
003 OSt
005 20221005132429.0
006 a|||||r|||| 00| 0
007 ta
008 221004b |||||||| |||| 00| 0 tam d
024 _a48413
037 _cTextual
040 _aCRL
_cCRL
_btam
041 _2tam
_atam
082 _aO31,1J64,3, G5
100 _aAthiveeraramapandyar Au.
_9641128
245 0 _aTirukkaruvai kaliththurai yanththi
260 _c1935
650 _a TAMIL POETRY
650 _aTAMIL LITERATURE
942 _hO31,1J64,3, G5
_cTEXL
_2cc
999 _c1063645
_d1063645